000 00312nam a2200097Ia 4500
008 160609s9999 xx 000 0 und d
245 _aDisciplinary Intuitions And The Design Of Learning Environments
260 _c2014
650 _xCURRICULUM DEVELOPMENT
856 _uhttp://file.ebook777.com/DiInAnThDeOfLeEn.pdf
999 _c295857
_d295857